The technology transfer law handbook

Bibliographic Details
Main Author: Rodriguez, Elizabeth
Other Authors: Solberg, Sean
Format: eBook
Language:English
Published: Bruselas: American Bar Association, 2014
Subjects:
Online Access:Acceso restringido

MARC

LEADER 00000nam a22000007a 4500
005 20200601143356.0
007 cr|||| ||||
008 200601s2014 eu |||||s|||| 00||0 eng d
020 |a 9781627227292 
035 |a 31609 
040 |a vLex 
090 |c 10468  |d 10468 
100 1 |a Rodriguez, Elizabeth 
245 1 3 |a The technology transfer law handbook  |h [Recurso electrn̤ico] /  |c Elizabeth Rodriguez, Sean Solberg 
256 |a Servicio en ln̕ea 
260 |a Bruselas:  |b American Bar Association,  |c 2014 
300 |a 1 recurso electrn̤ico 
506 1 |a Disponible solo en los productos indicados  |d vLex Global  |d vLex Global (Academic Edition, excluding Law Schools)  |d vLex Global (U.S. Academic Edition, Law Schools)  |d vLex Global (U.S. Academic Edition, excluding Law Schools)  |d vLex Global (Academic Edition, Law Schools) 
650 0 4 |a Derecho Constitucional  |z Unin̤ Europea 
650 0 4 |a Derecho Mercantil y de la Empresa  |z Unin̤ Europea 
700 1 |a Solberg, Sean 
740 0 |a vLex Libros (Servicio en ln̕ea) 
856 4 0 |u http://vlex.com/source/technology-transfer-law-handbook-31609  |z Acceso restringido 
942 |c BOOK 
999 0 |a Constitutional Law 
999 0 |a Commercial and Company Law